000 00299pam a2200109a 44500
008 230405s2009 xxu||||| |||| 00| 0 eng d
041 _aENG
100 _aSharma Buldhini Jain
245 _aA Dictionary of Microbiology
260 _anew delhi
_bC.B.S Publishers & Distributers
_c2009
906 _a15399
999 _c305898
_d305898